Bienvenue à la E-Bibliothèque de l’UEH

Bénéficiez l'accès à des milliers de ressources en ligne

Space-Time (Dis)continuities in the Linguistic Landscape (notice nᵒ 37708)

détails MARC
000 -LEADER
fixed length control field 03404namaa2200613uu 4500
001 - CONTROL NUMBER
control field oapen88632
003 - CONTROL NUMBER IDENTIFIER
control field oapen
005 - DATE AND TIME OF LATEST TRANSACTION
control field 20251217011900.0
006 - FIXED-LENGTH DATA ELEMENTS--ADDITIONAL MATERIAL CHARACTERISTICS
fixed length control field a||||fo|||||||||0|
007 - PHYSICAL DESCRIPTION FIXED FIELD--GENERAL INFORMATION
fixed length control field cr|mn|---annan
008 - FIXED-LENGTH DATA ELEMENTS--GENERAL INFORMATION
fixed length control field 240424s2024a||||fo|||||||||0|eng d
014 ## -
-- 1427548457
-- OCoLC
020 ## - INTERNATIONAL STANDARD BOOK NUMBER
International Standard Book Number 9781003311621
International Standard Book Number 9781032318448
International Standard Book Number 9781032318493
024 7# - OTHER STANDARD IDENTIFIER
Standard number or code 10.4324/9781003311621
Source of number or code doi
035 ## - SYSTEM CONTROL NUMBER
System control number (OCoLC)1427548457
040 ## - CATALOGING SOURCE
Original cataloging agency oapen
Transcribing agency oapen
041 0# - LANGUAGE CODE
Language code of text/sound track or separate title eng
042 ## - AUTHENTICATION CODE
Authentication code dc
072 #7 - SUBJECT CATEGORY CODE
Subject category code C
Source thema
Subject category code CB
Source thema
Subject category code CF
Source thema
100 1# - MAIN ENTRY--PERSONAL NAME
Personal name Buchstaller, Isabelle
Relationship aut
245 10 - TITLE STATEMENT
Title Space-Time (Dis)continuities in the Linguistic Landscape
Remainder of title Studies in the Symbolic (Re-)appropriation of Public Space
260 ## - PUBLICATION, DISTRIBUTION, ETC.
Name of publisher, distributor, etc. Taylor & Francis
-- Routledge [Imprint]
Date of publication, distribution, etc. 2024
300 ## - PHYSICAL DESCRIPTION
Extent 1 online resource
336 ## - CONTENT TYPE
Content type term text
Content type code txt
Source rdacontent
337 ## - MEDIA TYPE
Media type term computer
Media type code c
Source rdamedia
338 ## - CARRIER TYPE
Carrier type term online resource
Carrier type code cr
Source rdacarrier
490 1# - SERIES STATEMENT
Series statement Routledge Studies in Sociolinguistics
506 0# - RESTRICTIONS ON ACCESS NOTE
Terms governing access Free-to-read
Standardized terminology for access restriction Unrestricted online access
Source of term star
520 ## - SUMMARY, ETC.
Summary, etc. This collection spotlights the diachronic dimensions of the linguistic landscape, the importance of exploring temporal dissonances in historical events in order to better understand semiotic, political, and social transformations across different communities over the last century. The volume seeks to expand the current borders of linguistic landscape (LL) research by situating the analysis of signs in the LL within their time-space organization, which has been understudied in existing scholarship. The book, featuring chapters from established and emerging scholars, argues that a focus on the historicity of the city text can reveal unique insights into the role of semiotic processes as precursors and support mechanisms for political and social changes. The collection is structured around different temporal clusters and geographic contexts across the globe where shorter and longer waves of politically driven resemioticization can be most sharply observed- post-colonial communities; post-communist societies; and recent and current sociopolitical upheavals. Taken together, the volume proposes  a kaleidoscope view of the complex temporalities that underpin multimodal discourses in contested public spaces, offering new directions for research. This book will be of interest to students and scholars in sociolinguistics, discourse analysis, semiotics, visual anthropology, and political science.
540 ## - TERMS GOVERNING USE AND REPRODUCTION NOTE
Terms governing use and reproduction Open licence
Authority record control number or standard number https://oapen.org/article/rights
546 ## - LANGUAGE NOTE
Language note eng
650 #7 - SUBJECT ADDED ENTRY--TOPICAL TERM
Topical term or geographic name entry element Language and Linguistics
Source of heading or term thema
Topical term or geographic name entry element Language: reference and general
Source of heading or term thema
Topical term or geographic name entry element Linguistics
Source of heading or term thema
653 ## - INDEX TERM--UNCONTROLLED
Uncontrolled term citytext
Uncontrolled term discourse analysis
Uncontrolled term Isabelle Buchstaller
Uncontrolled term linguistic landscape
Uncontrolled term Malgorzata Fabiszak
Uncontrolled term Melody Ann Ross
Uncontrolled term multimodal discourses in public spaces
Uncontrolled term politically-driven re-semioticization
Uncontrolled term semiotics
Uncontrolled term sociolinguistics
700 1# - ADDED ENTRY--PERSONAL NAME
Personal name Buchstaller, Isabelle
Relationship edt
Personal name Fabiszak, Malgorzata
Relationship edt
Personal name Ross, Melody Ann
Relationship edt
793 0# -
-- OAPEN Library.
856 40 - ELECTRONIC LOCATION AND ACCESS
Uniform Resource Identifier <a href="https://library.oapen.org/handle/20.500.12657/88632">https://library.oapen.org/handle/20.500.12657/88632</a>
Public note Free-to-read: OAPEN Library/DOAB: description of the publication
Access status 0

Pas d'exemplaire disponible.

Bibliothèque universitaire de l'UEH
Portail centralisé donnant accès au catalogue, aux ressources numériques et aux productions scientifiques de l’Université d’État d’Haïti.

Plateformes institutionnelles

  • Dépôt institutionnel UEH
  • Revues scientifiques UEH
  • GED institutionnelle
  • UEH enseignement à distance

Contact

  • Adresse : 21 Rue Rivière, Port-au-Prince
  • Email : bibliotheque@ueh.edu.ht
  • Téléphone : +509 22-45-68-43 / 22-45-68-44
  • Heures : Lundi–Vendredi 8h–16h
© 2026 UEH – E-Bibliothèque de l’Université d’État d’Haïti | À propos | Confidentialité | Conditions | Mentions légales | Accessibilité | Plan du site | Contact